| 000 | 01280nam a22002657a 4500 | ||
|---|---|---|---|
| 005 | 20170124103102.0 | ||
| 010 | _aB-015058 | ||
| 020 | _c150.00 | ||
| 035 | _aB-015058 | ||
| 037 | _bCen Lib/Ret | ||
| 040 |
_aDPL _bHN |
||
| 082 |
_a920 _bनैमिश |
||
| 100 |
_aनैमिशराय, मोहनदास _9142380 |
||
| 245 |
_aस्वतंत्रता संग्राम के दलित क्रांतिकारी / _cमोहनदास नैमिशराय |
||
| 246 |
_aSwatantrata sangram ke dalit krantikari / _bby Mohandas Naimisharay |
||
| 260 |
_aनयी दिल्ली _bनीलकंठ प्रकाशन _c1999 |
||
| 270 |
_bनयी दिल्ली _a1/1079-ई, महरौली _e110030 |
||
| 300 |
_a163पृ. _c21सेमी (सजिल्द) |
||
| 500 | _aसन्दर्भ सूची शामिल | ||
| 650 |
_aदलित क्रांतिकारी--जीवनी--भारत _977154 |
||
| 650 |
_aस्वतंत्रता संग्राम--इतिहास--भारत _977155 |
||
| 650 |
_aDalit revolutionary--Biography--India _977156 |
||
| 650 |
_aFreedom--History--India _977157 |
||
| 942 |
_2ddc _cHN _h920 _mनैमिश |
||
| 999 |
_c117851 _d117851 |
||